书目信息 |
| 题名: |
庚子之变图志
|
|
| 作者: | 赵健莉 编著 | |
| 分册: | ||
| 出版信息: | 济南 山东画报出版社 2000.07 |
|
| 页数: | 246页 | |
| 开本: | 32开 | |
| 丛书名: | ||
| 单 册: | ||
| 中图分类: | K256.706 | |
| 科图分类: | ||
| 主题词: | 中国--历史--1840~1949 | |
| 电子资源: | ||
| ISBN: | 7-80603-456-0 | |
| 000 | 00572nam0 2200193 45 | |
| 001 | 0010261677 | |
| 005 | 20010405102123.4 | |
| 010 | @a7-80603-456-0@d15.80元 | |
| 100 | @a20001026d2000 km y0chiy0120 ea | |
| 101 | 0 | @achi |
| 105 | @a z 000yy | |
| 200 | 1 | @a庚子之变图志@AGeng Zi Zhi Bian Tu Zhi@f赵健莉编著@FZhao Jian Li Bian Zhu |
| 210 | @a济南@c山东画报出版社@d2000.07 | |
| 215 | @a246页@d32开 | |
| 606 | 0 | @a中国@x历史@z1840~1949 |
| 690 | @aK256.706@v3 | |
| 701 | 0 | @a赵健莉@4编著 |
| 801 | @aCN@bPftUser@c20001026 | |
| 905 | @dK256.706@eZH451@b335994-996@f3 | |
| 庚子之变图志/赵健莉编著.-济南:山东画报出版社,2000.07 |
| 246页;32开 |
| ISBN 7-80603-456-0:15.80元 |
| ● |
| 相关链接 |
|
|
|
正题名:庚子之变图志
索取号:K256.706/ZH451
 
预约/预借
| 序号 | 登录号 | 条形码 | 馆藏地/架位号 | 状态 | 备注 |
| 1 | 335994 | 203359944 | 社科库309/309社科库 35排6列2层/ [索取号:K256.706/ZH451] | 在馆 | |
| 2 | 335995 | 203359953 | 自科二线404/309社科库 58排3列3层/ [索取号:K256.706/ZH451] | 在馆 | |
| 3 | 335996 | 203359962 | 社科库309/309社科库 35排6列2层/ [索取号:K256.706/ZH451] | 在馆 |